El caserío (Record no. 176596)

MARC details
000 -LEADER
campo de control de longitud fija 01028nam a22002655i 4500
001 - NÚMERO DE CONTROL
campo de control 176596
003 - IDENTIFICADOR DE NÚMERO DE CONTROL
campo de control ES-MaACL
005 - FECHA Y HORA DE LA ÚLTIMA TRANSACCIÓN
campo de control 20230906220130.0
008 - DATOS DE LONGITUD FIJA--INFORMACIÓN GENERAL
campo de control de longitud fija 110125s1947 sp a |||| | spa d
080 ## - NÚMERO DE LA CLASIFICACIÓN DECIMAL UNIVERSAL
Número de la Clasificación Decimal Universal 821.134.2-293"19"
100 1# - ENTRADA PRINCIPAL--NOMBRE DE PERSONA
Nombre de persona Romero, Federico.
9 (RLIN) 99322
245 13 - MENCIÓN DEL TÍTULO
Título El caserío
Resto del título : comedia lírica en tres actos /
Mención de responsabilidad, etc. original de Federico Romero y Guillermo Fernández Shaw ; música del maestro Jesús Guridi.
260 ## - PUBLICACIÓN, DISTRIBUCIÓN, ETC.
Lugar de publicación, distribución, etc. Madrid :
Nombre del editor, distribuidor, etc. [s. n.,
Fecha de publicación, distribución, etc. 1947?]
300 ## - DESCRIPCIÓN FÍSICA
Extensión 85 p. ;
Dimensiones 17 cm.
490 1# - MENCIÓN DE SERIE
Mención de serie Biblioteca teatral ;
Designación de volumen o secuencia 184
500 ## - NOTA GENERAL
Nota general Anteportada ilustrada.
500 ## - NOTA GENERAL
Nota general En port. : Representada por primera vez en el Teatro de la Zarzuela, de Madrid, el día 11 de noviembre de 1926.
500 ## - NOTA GENERAL
Nota general Encuadernado con otros títulos.
597 ## - NOTA DE DESCRIPCIÓN FÍSICA
NOTA DE DESCRIPCIÓN FÍSICA En el lomo: 183-191.
700 1# - ENTRADA AGREGADA--NOMBRE PERSONAL
Nombre de persona Fernández-Shaw, Guillermo,
Fechas asociadas al nombre 1893-1965
9 (RLIN) 50102
700 1# - ENTRADA AGREGADA--NOMBRE PERSONAL
Nombre de persona Guridi, Jesús.
9 (RLIN) 60981
830 0# - PUNTO DE ACCESO ADICIONAL DE SERIE-TÍTULO UNIFORME
Título uniforme Biblioteca teatral ;
Designación de volumen o secuencia 184
9 (RLIN) 190120
852 ## - LOCALIZACIÓN
Ubicación ES-MaACL
Número de control de estantería E-14130 (184)
Encuadernación Olim P-302
Holdings
Estatus retirado Estado de pérdida Estado de daño No para préstamo Biblioteca de origen Biblioteca actual Ubicación en estantería Fecha de adquisición Fuente de adquisición Total de préstamos Signatura topográfica completa Código de barras Visto por última vez Precio de reemplazo Tipo de ítem Koha
        Biblioteca del Ateneo de Madrid Biblioteca del Ateneo de Madrid Depósito 2 25/01/2011     E-14130 (184) 1185457 23/02/2023 23/02/2023 Libro impreso